| 000 | 00815nam a22002295a 4500 | ||
|---|---|---|---|
| 005 | 20161123172417.0 | ||
| 008 | 161123t2011 mdua frb 001 0 eng d | ||
| 020 | _a9781585282401 | ||
| 040 |
_aEG-ScBUE _beng _cEG-ScBUE _dEG-ScBUE |
||
| 082 | 0 | 4 |
_222 _a615.718 _bDAG |
| 100 | 1 | _aDager, William E. | |
| 245 | 1 | 0 |
_aAnticoagulation therapy : _ba point-of-care guide / _cWilliam E. Dager, Michael Gulseth, Edith A. Nutescu. |
| 260 |
_aBethesda : _bAmerican Society of Health-System Pharmacists, _cc.2011. |
||
| 300 |
_axix, 484 p. : _bill. ; _c18 cm. |
||
| 500 | _aIndex : p. 476-484. | ||
| 504 | _aIncludes bibliographical references. | ||
| 650 | 7 |
_2BUEsh _aAnticoagulants (Medicine) _xTherapeutic use. |
|
| 653 |
_bPPhrm _cNovember2016 |
||
| 700 | 1 | _aGulseth, Michael. | |
| 700 | 1 | _aNutescu, Edith A. | |
| 942 | _2ddc | ||
| 999 |
_c23294 _d23266 |
||